Main Science and Technology Indicators

Na minha lista:
Detalhes bibliográficos
Formato: Periódico
Idioma:inglês
Publicado em: Paris OECD 2017
Tags: Adicionar Tag
Sem tags, seja o primeiro a adicionar uma tag!

MARC

LEADER 00000nas2a2200000 4500
001 0243862
005 20220303140733.9
022 |a 2304-2761 
041 0 |a eng 
044 |a FR 
245 1 0 |a Main Science and Technology Indicators 
264 1 |a Paris  |b OECD  |c 2017 
773 0 |w eu_un_cat*s124357 
774 0 |w eu_un_cat*0282352